[Event "LTU-ch sf"]
[Site "Vilnius"]
[Date "2022.04.10"]
[Round "4"]
[White "Matulaitis, Vidmantas"]
[Black "Kalinauskas, Vytautas"]
[Result "1/2-1/2"]
[WhiteElo "1508"]
[BlackElo "1893"]
[PlyCount "37"]
[EventDate "2022.04.08"]
[EventType "swiss"]
[EventRounds "9"]
[EventCountry "LTU"]
[SourceTitle "CBM 207 Extra"]
[Source "ChessBase"]
[SourceDate "2022.05.31"]
[SourceVersion "1"]
[SourceVersionDate "2022.05.31"]
[SourceQuality "1"]

1. e4 c6 2. d4 d5 3. exd5 cxd5 4. Bd3 Nc6 5. c3 Nf6 6. h3 e5 7. dxe5 Nxe5 8. Nf3 Nxd3+ 9. Qxd3 Be7 10. Be3 0-0 11. 0-0 Qc7 12. Nbd2 Rd8 13. Bg5 Nh5 14. Rfe1 Bxg5 15. Nxg5 g6 16. Qe3 h6 17. Ngf3 Qf4 18. Nd4 Qxe3 19. Rxe3 1/2-1/2

[Event "LTU-ch sf"]
[Site "Vilnius"]
[Date "2022.04.09"]
[Round "2"]
[White "Vaskevicius, Augustas"]
[Black "Matulaitis, Vidmantas"]
[Result "1-0"]
[WhiteElo "2039"]
[BlackElo "1508"]
[PlyCount "67"]
[EventDate "2022.04.08"]
[EventType "swiss"]
[EventRounds "9"]
[EventCountry "LTU"]
[SourceTitle "CBM 207 Extra"]
[Source "ChessBase"]
[SourceDate "2022.05.31"]
[SourceVersion "1"]
[SourceVersionDate "2022.05.31"]
[SourceQuality "1"]

1. e4 d5 2. exd5 Qxd5 3. Nc3 Qd6 4. d4 Nf6 5. Nf3 a6 6. g3 Bg4 7. h3 Bh5 8. Bg2 e6 9. g4 Bg6 10. Ne5 Nc6 11. Bxc6+ bxc6 12. Qf3 Nd5 13. h4 Nxc3 14. Qxc3 Qb4 15. Qxb4 Bxb4+ 16. c3 Be7 17. h5 Bc2 18. Kd2 Ba4 19. b3 c5 20. bxa4 cxd4 21. cxd4 c5 22. Bb2 0-0 23. Ke2 Rab8 24. Ba3 Rb7 25. Bxc5 Bxc5 26. dxc5 Rb4 27. Nd7 Rc8 28. Rab1 Rxa4 29. c6 Rxa2+ 30. Kf3 Rc2 31. Rhc1 Rxc1 32. Rxc1 f6 33. c7 Kf7 34. Nb6 1-0

[Event "Vilnius City-ch"]
[Site "Vilnius"]
[Date "2021.11.17"]
[Round "2"]
[White "Matulaitis, Vidmantas"]
[Black "Posaskov, Nikita"]
[Result "0-1"]
[WhiteElo "1511"]
[BlackElo "1847"]
[PlyCount "34"]
[EventDate "2021.11.15"]
[EventType "swiss"]
[EventRounds "7"]
[EventCountry "LTU"]
[SourceTitle "CBM 205 Extra"]
[Source "ChessBase"]
[SourceDate "2022.01.31"]
[SourceVersion "1"]
[SourceVersionDate "2022.01.31"]
[SourceQuality "1"]

1. e4 c5 2. Nf3 e6 3. d4 cxd4 4. Nxd4 Nc6 5. Be2 Nf6 6. Bg5 Qa5+ 7. Bd2 Qb6 8. Nxc6 bxc6 9. Bd3 d5 10. e5 Nd7 11. Qe2 Qxb2 12. 0-0 Qxa1 13. Bc3 Qxa2 14. f4 Rb8 15. Nd2 Qa3 16. Nb3 Rxb3 17. cxb3 Qc5+ 0-1

[Event "LTU-ch Rapid op"]
[Site "Taujenai"]
[Date "2019.10.19"]
[Round "1.9"]
[White "Vardanyan, Aras"]
[Black "Matulaitis, Vidmantas"]
[Result "1-0"]
[WhiteElo "2159"]
[BlackElo "1581"]
[PlyCount "91"]
[EventDate "2019.10.19"]
[EventType "swiss (rapid)"]
[EventRounds "11"]
[EventCountry "LTU"]
[SourceTitle "EXT 2023"]
[Source "ChessBase"]
[SourceDate "2022.10.05"]
[SourceVersion "1"]
[SourceVersionDate "2022.10.05"]
[SourceQuality "1"]

1. Nf3 Nf6 2. c4 c6 3. d4 d5 4. Nc3 dxc4 5. a4 a6 6. e4 Bg4 7. Bxc4 e6 8. e5 Nd5 9. Ne4 Nd7 10. 0-0 N7b6 11. Bg5 Qd7 12. b3 h6 13. Bd2 Be7 14. a5 Nxc4 15. bxc4 Nc7 16. Rb1 Rb8 17. Be3 0-0 18. h3 Bh5 19. Qd2 Rfd8 20. Ne1 Ne8 21. Nd3 Bg6 22. Ndc5 Bxc5 23. Nxc5 Qe7 24. Rb6 f6 25. f4 Qxc5 26. dxc5 Rxd2 27. Bxd2 Bd3 28. Rc1 Kf7 29. Rc3 Be2 30. Kf2 Bd1 31. g4 Rd8 32. Ke1 Ba4 33. Rxb7+ Kg6 34. Rb4 Bb5 35. cxb5 cxb5 36. Ke2 Nc7 37. f5+ Kf7 38. fxe6+ Kxe6 39. exf6 gxf6 40. Re4+ Kf7 41. Bxh6 Ne6 42. Rce3 Nxc5 43. Re7+ Kg6 44. Bf4 Rd4 45. Kf3 Rd1 46. h4 1-0

[Event "LTU-ch"]
[Site "Vilnius"]
[Date "2019.03.21"]
[Round "9"]
[White "Matulaitis, Vidmantas"]
[Black "Vainermanas, Berelis"]
[Result "1/2-1/2"]
[WhiteElo "1642"]
[BlackElo "1530"]
[PlyCount "79"]
[EventDate "2019.03.15"]
[EventType "swiss"]
[EventRounds "9"]
[EventCountry "LTU"]
[SourceTitle "EXT 2020"]
[Source "ChessBase"]
[SourceDate "2019.10.17"]
[SourceVersion "1"]
[SourceVersionDate "2019.10.17"]
[SourceQuality "1"]

1. e4 d5 2. exd5 Nf6 3. d4 Nxd5 4. c4 Nb6 5. Nc3 Nc6 6. Nf3 Bg4 7. Be2 e6 8. c5 Nd7 9. Bf4 a6 10. h3 Bxf3 11. Bxf3 Nf6 12. 0-0 Be7 13. Be3 0-0 14. a3 Nd5 15. Bxd5 exd5 16. Qf3 Bf6 17. Rad1 Ne7 18. b4 c6 19. Bf4 Re8 20. g4 Ng6 21. Bd6 Be7 22. Bh2 Bf6 23. Na4 Qe7 24. Nb6 Rad8 25. Qc3 Bg5 26. Rde1 Qf6 27. Bc7 Rxe1 28. Qxe1 Bf4 29. Bxd8 Qxd8 30. Qe2 h6 31. Re1 Qf6 32. Rd1 Bc7 33. Qe8+ Kh7 34. Nd7 Qf4 35. Ne5 Nxe5 36. dxe5 Bxe5 37. Kf1 Qf3 38. Re1 Qxh3+ 39. Ke2 Qxg4+ 40. Kf1 1/2-1/2

[Event "LTU-ch"]
[Site "Vilnius"]
[Date "2019.03.19"]
[Round "7"]
[White "Matulaitis, Vidmantas"]
[Black "Bandza, Rokas"]
[Result "0-1"]
[WhiteElo "1642"]
[BlackElo "1765"]
[PlyCount "78"]
[EventDate "2019.03.15"]
[EventType "swiss"]
[EventRounds "9"]
[EventCountry "LTU"]
[SourceTitle "EXT 2020"]
[Source "ChessBase"]
[SourceDate "2019.10.17"]
[SourceVersion "1"]
[SourceVersionDate "2019.10.17"]
[SourceQuality "1"]

1. e4 e6 2. d4 d5 3. Nd2 Nc6 4. Ngf3 Nf6 5. e5 Nd7 6. c3 f6 7. exf6 Qxf6 8. Bb5 Bd6 9. 0-0 0-0 10. Re1 e5 11. dxe5 Ncxe5 12. Bxd7 Bxd7 13. Nxe5 Bxe5 14. Nf3 Bd6 15. Qxd5+ Kh8 16. Bg5 Qg6 17. Qe4 Rf5 18. Qxb7 Bc6 19. Nh4 Bxb7 20. Nxg6+ hxg6 21. h4 Raf8 22. Re2 Bc5 23. Be3 Re8 24. Bxc5 Rxe2 25. Bxa7 Rxb2 26. a4 Be4 27. Ra3 g5 28. h5 g4 29. Kh2 Rxh5+ 30. Kg3 Ra5 31. Bd4 Bc2 32. Ra1 c5 33. Be5 Rxa4 34. Rh1+ Kg8 35. Bd6 Rc4 36. Rh5 Rxc3+ 37. Kh2 Rb6 38. Be5 Rcb3 39. Rg5 Rg6 0-1

[Event "LTU-ch"]
[Site "Vilnius"]
[Date "2019.03.18"]
[Round "6"]
[White "Paknyte, Beatrice"]
[Black "Matulaitis, Vidmantas"]
[Result "0-1"]
[WhiteElo "1167"]
[BlackElo "1642"]
[PlyCount "116"]
[EventDate "2019.03.15"]
[EventType "swiss"]
[EventRounds "9"]
[EventCountry "LTU"]
[SourceTitle "EXT 2020"]
[Source "ChessBase"]
[SourceDate "2019.10.17"]
[SourceVersion "1"]
[SourceVersionDate "2019.10.17"]
[SourceQuality "1"]

1. e4 g6 2. d4 Bg7 3. Nc3 d6 4. f4 a6 5. Nf3 b5 6. a3 Bb7 7. Be3 Nf6 8. e5 Nd5 9. Nxd5 Bxd5 10. Bd3 Nd7 11. b3 c5 12. c4 cxd4 13. Bxd4 bxc4 14. Bxc4 Bxc4 15. bxc4 dxe5 16. Bc3 Qb6 17. Qd2 0-0 18. fxe5 a5 19. Bd4 Qc7 20. 0-0 Qxc4 21. Rac1 Qa4 22. Rfd1 e6 23. Bb2 Rfd8 24. Qe2 Nb6 25. Bd4 Nd5 26. Bb2 Bh6 27. Rc4 Qb5 28. Re4 Rdb8 29. Qxb5 Rxb5 30. Bd4 Rb3 31. Ree1 Rxa3 32. Bc5 Be3+ 33. Bxe3 Rxe3 34. Rxe3 Nxe3 35. Rd7 h6 36. Kf2 Nd5 37. Nd4 a4 38. Rb7 a3 39. Rb1 a2 40. Ra1 Ra4 41. Nc2 Nc3 42. Ke3 Kg7 43. Kd3 Nd5 44. Kd2 g5 45. Kc1 Nf4 46. g3 Nd3+ 47. Kd2 Nxe5 48. Ke2 f5 49. Ne3 Kf6 50. Nd1 Ng4 51. h3 Ne5 52. Nc3 Ra3 53. Kd2 Nf3+ 54. Kc2 h5 55. Kb2 Ra6 56. Rxa2 Rxa2+ 57. Kxa2 Ng1 58. h4 gxh4 0-1

[Event "LTU-ch"]
[Site "Vilnius"]
[Date "2019.03.16"]
[Round "3"]
[White "Matulaitis, Vidmantas"]
[Black "Macionis, Zigmas"]
[Result "0-1"]
[WhiteElo "1642"]
[BlackElo "1784"]
[PlyCount "70"]
[EventDate "2019.03.15"]
[EventType "swiss"]
[EventRounds "9"]
[EventCountry "LTU"]
[SourceTitle "EXT 2021"]
[Source "ChessBase"]
[SourceDate "2020.10.23"]
[SourceVersion "1"]
[SourceVersionDate "2020.10.23"]
[SourceQuality "1"]

1. e4 c5 2. c3 e6 3. d4 d5 4. e5 Nc6 5. Nf3 Qb6 6. Bd3 Bd7 7. Bc2 cxd4 8. cxd4 Nb4 9. Nc3 Nxc2+ 10. Qxc2 Ne7 11. 0-0 Nf5 12. Be3 Rc8 13. a4 Bb4 14. g4 Ne7 15. Kg2 0-0 16. Ng5 g6 17. Nf3 f5 18. Bh6 fxg4 19. Nh4 Nf5 20. Nxf5 Rxf5 21. Rfd1 Qa5 22. Rd3 Bf8 23. Bd2 Qd8 24. Qd1 Qh4 25. Rg3 Rh5 26. Qh1 a6 27. Nd1 Rc2 28. Bc3 Rf5 29. Qe1 Rh5 30. Qh1 Bh6 31. a5 Bb5 32. Be1 Be2 33. Nc3 Bf3+ 34. Rxf3 gxf3+ 35. Kxf3 Qh3# 0-1

[Event "Vilnius Zavanelli Memorial op-B"]
[Site "Vilnius"]
[Date "2018.10.27"]
[Round "5"]
[White "Matulaitis, Vidmantas"]
[Black "Steponavicius, Petras"]
[Result "0-1"]
[WhiteElo "1662"]
[BlackElo "1903"]
[PlyCount "37"]
[EventDate "2018.10.25"]
[EventType "swiss"]
[EventRounds "7"]
[EventCountry "LTU"]
[SourceTitle "EXT 2021"]
[Source "ChessBase"]
[SourceDate "2020.10.23"]
[SourceVersion "1"]
[SourceVersionDate "2020.10.23"]
[SourceQuality "1"]

1. e4 d6 2. d4 g6 3. Nc3 Bg7 4. f4 c6 5. Nf3 Nf6 6. Be2 0-0 7. e5 Ne8 8. Be3 b5 9. Bd3 Nd7 10. Qe2 b4 11. Ne4 f5 12. Neg5 Nb6 13. 0-0 Nd5 14. Bd2 Nec7 15. c4 bxc3 16. bxc3 h6 17. Nh3 a5 18. Rfe1 Be6 19. Rab1 0-1

[Event "LTU-ch"]
[Site "Vilnius"]
[Date "2017.03.01"]
[Round "7"]
[White "Motuza, Nedas"]
[Black "Matulaitis, Vidmantas"]
[Result "0-1"]
[WhiteElo "1378"]
[BlackElo "1682"]
[PlyCount "44"]
[EventDate "2017.02.25"]
[EventType "swiss"]
[EventRounds "9"]
[EventCountry "LTU"]
[SourceTitle "CBM 177 Extra"]
[Source "ChessBase"]
[SourceDate "2017.04.27"]
[SourceVersion "1"]
[SourceVersionDate "2017.04.27"]
[SourceQuality "1"]

1. d4 Nf6 2. c4 e5 3. dxe5 Ne4 4. a3 d6 5. b3 Nc6 6. exd6 Bxd6 7. Nd2 Qf6 8. Nxe4 Qxa1 9. Nxd6+ cxd6 10. Nf3 Bg4 11. h3 Bxf3 12. exf3 0-0 13. Bd3 Rfe8+ 14. Kf1 Re7 15. g3 Rae8 16. Kg2 Qc3 17. Qd2 Qxb3 18. h4 Ne5 19. Bxh7+ Kxh7 20. h5 Qxf3+ 21. Kg1 Nd3 22. Rh2 Re1+ 0-1

[Event "LTU-ch sf"]
[Site "Vilnius"]
[Date "2015.02.24"]
[Round "8"]
[White "Matulaitis, Vidmantas"]
[Black "Jeriominas, Jurijus"]
[Result "1-0"]
[WhiteElo "1704"]
[BlackElo "1520"]
[PlyCount "101"]
[EventDate "2015.02.18"]
[EventType "swiss"]
[EventRounds "8"]
[EventCountry "LTU"]
[SourceTitle "CBM 165 Extra"]
[Source "ChessBase"]
[SourceDate "2015.04.21"]
[SourceVersion "1"]
[SourceVersionDate "2015.04.21"]
[SourceQuality "1"]

1. e4 c5 2. d3 Nc6 3. g3 g6 4. Bg2 Bg7 5. Nf3 e6 6. 0-0 Nge7 7. Re1 0-0 8. c3 d6 9. Bg5 Qb6 10. Qd2 e5 11. Bh6 f6 12. Na3 a6 13. Nc4 Qc7 14. Rac1 b5 15. Bxg7 Kxg7 16. Ne3 Be6 17. d4 Bf7 18. Ng4 Be6 19. Ne3 Nd8 20. Nh4 Qd7 21. d5 Bh3 22. Bh1 Nf7 23. Nd1 Nh6 24. f3 g5 25. Ng2 Ng6 26. Nf2 Rae8 27. Ne3 Qc8 28. g4 Nf4 29. a4 c4 30. axb5 axb5 31. Ra1 Qb7 32. Nc2 Ra8 33. Nb4 Rxa1 34. Rxa1 Ra8 35. Re1 Qb6 36. Nc6 Ra6 37. Nb4 Ra4 38. Nc2 Qc5 39. Ne3 Qa7 40. Rb1 Ra1 41. Rxa1 Qxa1+ 42. Nfd1 Nd3 43. b3 Qa7 44. bxc4 bxc4 45. Bg2 Bxg2 46. Kxg2 Qc5 47. Qa2 Nf7 48. Nf5+ Kg6 49. Qa8 Nf4+ 50. Kf1 Nh6 51. Qe8+ 1-0

[Event "Vilnius op"]
[Site "Vilnius"]
[Date "2014.11.22"]
[Round "4"]
[White "Matulaitis, Vidmantas"]
[Black "Jalinskas, Arvydas"]
[Result "1-0"]
[WhiteElo "1613"]
[BlackElo "1797"]
[PlyCount "71"]
[EventDate "2014.11.19"]
[EventType "swiss"]
[EventRounds "9"]
[EventCountry "LTU"]
[SourceTitle "CBM 163 Extra"]
[Source "ChessBase"]
[SourceDate "2014.12.23"]
[SourceVersion "1"]
[SourceVersionDate "2014.12.23"]
[SourceQuality "1"]

1. e4 d5 2. exd5 Nf6 3. d4 Nxd5 4. c4 Nb6 5. c5 Nd5 6. Bc4 g6 7. Nc3 Nxc3 8. bxc3 Bg7 9. Qa4+ c6 10. Rb1 0-0 11. Bf4 Nd7 12. Nf3 e5 13. Be3 Kh8 14. 0-0 f5 15. Ng5 f4 16. Ne6 Qh4 17. Nxf8 Nxf8 18. Bc1 e4 19. f3 e3 20. Qd1 h5 21. Qe2 Qg5 22. g3 Bh3 23. Re1 Rb8 24. Kh1 fxg3 25. Bxe3 Qh4 26. hxg3 Qxg3 27. Rg1 Qh4 28. Qh2 Re8 29. Bg5 Bg2+ 30. Rxg2 Re1+ 31. Rxe1 Qxe1+ 32. Qg1 Qxc3 33. Bb3 Bxd4 34. Qd1 Bxc5 35. Bc1 Qf6 36. Bb2 1-0

[Event "Vilnius op"]
[Site "Vilnius"]
[Date "2014.11.21"]
[Round "3"]
[White "Kraujunas, Vladas"]
[Black "Matulaitis, Vidmantas"]
[Result "1-0"]
[WhiteElo "1907"]
[BlackElo "1613"]
[PlyCount "57"]
[EventDate "2014.11.19"]
[EventType "swiss"]
[EventRounds "9"]
[EventCountry "LTU"]
[SourceTitle "CBM 163 Extra"]
[Source "ChessBase"]
[SourceDate "2014.12.23"]
[SourceVersion "1"]
[SourceVersionDate "2014.12.23"]
[SourceQuality "1"]

1. e4 d5 2. exd5 Qxd5 3. Nc3 Qd6 4. d4 Nf6 5. Nge2 Bg4 6. f3 Bf5 7. Bf4 Qd7 8. Ng3 Bg6 9. Nge4 Nxe4 10. Nxe4 e6 11. Qd2 a6 12. 0-0-0 Bd6 13. Nxd6+ cxd6 14. Qb4 Ke7 15. d5 Rc8 16. Bd3 a5 17. Qa3 Ra6 18. Rhe1 b5 19. Bxg6 hxg6 20. dxe6 fxe6 21. Qd3 Rac6 22. Re2 Kf7 23. Bxd6 Na6 24. Qd4 Rc4 25. Qe5 a4 26. Bf8 Qxd1+ 27. Kxd1 Kxf8 28. Qd6+ Kf7 29. Qxe6+ 1-0